[Event "FIDE World Bl Team Pool C"]
[Site "Almaty"]
[Date "2024.08.05"]
[Round "6.7"]
[White "Bulatov, Ramil"]
[Black "Al Modiahki, Mohamad"]
[Result "0-1"]
[WhiteElo "2137"]
[BlackElo "2542"]
[PlyCount "76"]
[EventDate "2024.08.05"]
[EventType "team (blitz)"]
[EventRounds "7"]
[EventCountry "KAZ"]
[SourceTitle "CBM 221 Extra"]
[Source "ChessBase"]
[SourceDate "2024.09.30"]
[SourceVersion "1"]
[SourceVersionDate "2024.09.30"]
[SourceQuality "1"]
[WhiteTeam "Chess Dream"]
[BlackTeam "FIDE Management Board"]
[WhiteTeamCountry "KAZ"]

1. d4 Nf6 2. Nf3 g6 3. Bg5 Bg7 4. Nbd2 d6 5. c3 Nbd7 6. e4 h6 7. Bh4 g5 8. Bg3 Nh5 9. Bc4 e6 10. 0-0 Nxg3 11. hxg3 h5 12. Re1 g4 13. Nh2 b6 14. e5 dxe5 15. d5 Nc5 16. Nb3 exd5 17. Bxd5 Bb7 18. Bxb7 Qxd1 19. Raxd1 Nxb7 20. f4 f6 21. Nd4 0-0-0 22. Nc6 Rxd1 23. Rxd1 Nd6 24. Re1 Re8 25. a4 Kb7 26. Nb4 exf4 27. Rxe8 Nxe8 28. gxf4 c6 29. Kf2 Nd6 30. b3 Ne4+ 31. Ke3 Nxc3 32. f5 Bh6+ 33. Kd3 Nd5 34. Nxd5 cxd5 35. Kd4 Kc6 36. b4 Bf4 37. Nf1 h4 38. b5+ Kd6 0-1

[Event "FIDE World Bl Team Pool C"]
[Site "Almaty"]
[Date "2024.08.05"]
[Round "4.7"]
[White "Bulatov, Ramil"]
[Black "Zhuravliev, Viktor"]
[Result "1-0"]
[WhiteElo "2137"]
[BlackElo "1998"]
[PlyCount "137"]
[EventDate "2024.08.05"]
[EventType "team (blitz)"]
[EventRounds "7"]
[EventCountry "KAZ"]
[SourceTitle "CBM 221 Extra"]
[Source "ChessBase"]
[SourceDate "2024.09.30"]
[SourceVersion "1"]
[SourceVersionDate "2024.09.30"]
[SourceQuality "1"]
[WhiteTeam "Chess Dream"]
[BlackTeam "Chess Star II"]
[WhiteTeamCountry "KAZ"]
[BlackTeamCountry "KAZ"]

1. d4 Nf6 2. Nf3 b6 3. c4 e6 4. Nc3 Bb4 5. Bg5 Bb7 6. Nd2 Bxc3 7. bxc3 h6 8. Bh4 d6 9. f3 e5 10. e4 Nc6 11. Nb3 Qe7 12. Be2 0-0 13. 0-0 g5 14. Bf2 a5 15. Rb1 Ba6 16. Re1 Kg7 17. Nd2 Nh5 18. Nf1 Nf4 19. Ne3 Nxe2+ 20. Qxe2 Kh7 21. Rf1 Qd8 22. Qd3 a4 23. g3 Na5 24. f4 f6 25. Rb4 Qe8 26. Qc2 Bb7 27. Nd5 Rf7 28. Be3 Nc6 29. Rbb1 Kg7 30. Rf2 Na5 31. Rbf1 Nxc4 32. Bc1 Bxd5 33. exd5 e4 34. fxg5 hxg5 35. Bxg5 e3 36. Rxf6 Rxf6 37. Bxf6+ Kg8 38. Qf5 Qf7 39. Qg5+ Kh7 40. Qh4+ Kg6 41. Rf4 Qg8 42. Rg4+ Kf7 43. Rxg8 Rxg8 44. Qh6 Rg6 45. Qh7+ Kxf6 46. Qh8+ Kf7 47. Qh7+ Kf6 48. Qh4+ Kf7 49. Kf1 Rf6+ 50. Ke1 Rf2 51. Qh7+ Kf6 52. Qd3 b5 53. h4 Rxa2 54. h5 Rh2 55. Qg6+ Ke7 56. h6 a3 57. Qg7+ Kd8 58. h7 a2 59. Qg8+ Ke7 60. Qg7+ Kd8 61. h8Q+ Rxh8 62. Qxh8+ Kd7 63. Qa8 Nb6 64. Qxa2 Na4 65. Qc2 Nb6 66. Qe4 Kc8 67. g4 Kb7 68. g5 Nc4 69. g6 1-0

[Event "FIDE World Bl Team Pool C"]
[Site "Almaty"]
[Date "2024.08.05"]
[Round "5.7"]
[White "Nukin, Ashat"]
[Black "Bulatov, Ramil"]
[Result "0-1"]
[WhiteElo "2268"]
[BlackElo "2137"]
[PlyCount "128"]
[EventDate "2024.08.05"]
[EventType "team (blitz)"]
[EventRounds "7"]
[EventCountry "KAZ"]
[SourceTitle "CBM 221 Extra"]
[Source "ChessBase"]
[SourceDate "2024.09.30"]
[SourceVersion "1"]
[SourceVersionDate "2024.09.30"]
[SourceQuality "1"]
[WhiteTeam "Chess Ratel"]
[BlackTeam "Chess Dream"]
[WhiteTeamCountry "KAZ"]
[BlackTeamCountry "KAZ"]

1. e4 e6 2. d4 d5 3. Nc3 Nf6 4. e5 Nfd7 5. f4 c5 6. Nf3 Nc6 7. Be3 a6 8. Qd2 b5 9. dxc5 Bxc5 10. Bxc5 Nxc5 11. Bd3 Qb6 12. Ne2 Ne4 13. Bxe4 dxe4 14. Nfd4 Bb7 15. Qe3 Nb4 16. Qd2 Nd5 17. 0-0 0-0 18. a3 f6 19. exf6 Rxf6 20. c3 Raf8 21. Kh1 e5 22. Nc2 exf4 23. Ned4 e3 24. Qe2 Ne7 25. Ne1 Ng6 26. Nef3 Qc5 27. Rad1 Ne5 28. b4 Qc7 29. a4 bxa4 30. Qa2+ Kh8 31. Ne6 Rxe6 32. Qxe6 Nxf3 33. gxf3 h6 34. c4 Qb8 35. c5 Re8 36. Qd6 e2 37. Qxb8 Rxb8 38. Kg2 exd1Q 39. Rxd1 Bc6 40. Rd6 Bb5 41. Rd4 g5 42. Kf2 Re8 43. Rd2 a3 44. Ra2 Re3 45. Rc2 Kg7 46. c6 Re8 47. Ra2 Bxc6 48. Rxa3 Bb5 49. Ra2 Re3 50. Rd2 Kg6 51. Rd6+ Kh5 52. Rd2 Bc6 53. Rd6 Rxf3+ 54. Ke2 Rc3 55. Kd2 Rc4 56. Kd3 Bb5 57. Kd2 Rxb4 58. Re6 Rd4+ 59. Kc2 Rd8 60. Kc3 Kg4 61. Rxh6 f3 62. Rf6 Be2 63. Kc2 Kh3 64. Kc3 g4 0-1

[Event "Astana Zhuldyzdary op-A"]
[Site "Astana"]
[Date "2023.07.15"]
[Round "7"]
[White "Bulatov, Ramil"]
[Black "Tleukhanov, Yerlan"]
[Result "1-0"]
[WhiteElo "2132"]
[BlackElo "1853"]
[PlyCount "55"]
[EventDate "2023.07.11"]
[EventType "swiss"]
[EventRounds "10"]
[EventCountry "KAZ"]
[SourceTitle "CBM 215 Extra"]
[Source "ChessBase"]
[SourceDate "2023.09.30"]
[SourceVersion "1"]
[SourceVersionDate "2023.09.30"]
[SourceQuality "1"]

1. d4 Nf6 2. c4 e6 3. Nf3 b6 4. Nc3 Bb7 5. Bg5 Bb4 6. Nd2 h6 7. Bh4 c5 8. d5 Bxc3 9. bxc3 exd5 10. cxd5 Bxd5 11. e4 Bb7 12. e5 g5 13. Bg3 Nd5 14. Ne4 0-0 15. Bc4 Ne3 16. fxe3 Bxe4 17. 0-0 Kg7 18. Qd6 Nc6 19. Rad1 b5 20. Bxb5 Qa5 21. Qf6+ Kh7 22. Bxc6 dxc6 23. Rd6 Bg6 24. e6 Qxa2 25. Be5 Rg8 26. exf7 Qxf7 27. Qxf7+ Bxf7 28. Rxf7+ 1-0

[Event "Astana Zhuldyzdary op-A"]
[Site "Astana"]
[Date "2023.07.13"]
[Round "4"]
[White "Bulatov, Ramil"]
[Black "Novik, Maxim"]
[Result "1/2-1/2"]
[WhiteElo "2132"]
[BlackElo "2436"]
[PlyCount "69"]
[EventDate "2023.07.11"]
[EventType "swiss"]
[EventRounds "10"]
[EventCountry "KAZ"]
[SourceTitle "CBM 215 Extra"]
[Source "ChessBase"]
[SourceDate "2023.09.30"]
[SourceVersion "1"]
[SourceVersionDate "2023.09.30"]
[SourceQuality "1"]

1. d4 Nf6 2. c4 e6 3. Nf3 d5 4. Nc3 Be7 5. Bf4 0-0 6. e3 c5 7. dxc5 Bxc5 8. a3 a6 9. b4 Be7 10. Be2 dxc4 11. Bxc4 Qxd1+ 12. Rxd1 Bd7 13. Bd3 Rc8 14. Ne4 Ba4 15. Rb1 Bb5 16. Bxb5 axb5 17. Nd6 Bxd6 18. Bxd6 Rxa3 19. Nd4 Ne4 20. Nxb5 Ra2 21. Bxb8 Rxb8 22. f3 Nd2 23. Nc3 Nxb1 24. Nxa2 Ra8 25. 0-0 Rxa2 26. Rxb1 g6 27. h4 Kg7 28. Kh2 b5 29. Kg3 h5 30. f4 f5 31. Rd1 Rb2 32. Rd4 Kf6 33. Kf3 Rb3 34. Kf2 Ke7 35. Kf3 1/2-1/2

[Event "Bryansk Zilberstein Memorial 5th"]
[Site "Bryansk"]
[Date "2021.07.30"]
[Round "5"]
[White "Tomashevsky, Evgeny"]
[Black "Bulatov, Ramil"]
[Result "1-0"]
[WhiteElo "2706"]
[BlackElo "2222"]
[PlyCount "70"]
[EventDate "2021.07.29"]
[EventType "swiss (rapid)"]
[EventRounds "11"]
[EventCountry "RUS"]
[SourceTitle "CBM 203 Extra"]
[Source "ChessBase"]
[SourceDate "2021.09.30"]
[SourceVersion "1"]
[SourceVersionDate "2021.09.30"]
[SourceQuality "1"]

1. Nf3 Nf6 2. c4 g6 3. Nc3 d5 4. cxd5 Nxd5 5. e4 Nxc3 6. dxc3 Qxd1+ 7. Kxd1 f6 8. Bc4 e5 9. a4 a5 10. Ke2 Nd7 11. Be3 Bc5 12. Rhd1 Bxe3 13. Kxe3 Ke7 14. Ne1 Nc5 15. Nd3 Nxd3 16. Rxd3 Bd7 17. g3 Rad8 18. b4 Ra8 19. Bb3 Rhd8 20. f4 b6 21. Bd5 c6 22. Bb3 axb4 23. cxb4 Be6 24. Rxd8 Rxd8 25. Bxe6 Kxe6 26. a5 Rb8 27. Kd3 Kd6 28. Kc4 b5+ 29. Kc3 c5 30. Rd1+ Kc6 31. fxe5 cxb4+ 32. Kxb4 Re8 33. Rd6+ Kc7 34. Rd5 fxe5 35. Rxb5 g5 1-0

[Event "Sochi ChessAmateur op10"]
[Site "Sochi"]
[Date "2018.10.15"]
[Round "6"]
[White "Bimiev, Ahmad"]
[Black "Bulatov, Ramil"]
[Result "1-0"]
[WhiteElo "2124"]
[BlackElo "2243"]
[PlyCount "127"]
[EventDate "2018.10.12"]
[EventType "swiss"]
[EventRounds "9"]
[EventCountry "RUS"]
[SourceTitle "CBM 187 Extra"]
[Source "ChessBase"]
[SourceDate "2018.11.04"]
[SourceVersion "1"]
[SourceVersionDate "2018.11.04"]
[SourceQuality "1"]

1. c4 e5 2. d3 c6 3. Nf3 Nf6 4. Nbd2 Qc7 5. Qc2 c5 6. e3 Nc6 7. a3 d6 8. Be2 Be7 9. b3 h6 10. Bb2 Bf5 11. Bc3 0-0 12. h3 a6 13. g4 Bh7 14. g5 hxg5 15. Nxg5 Bg6 16. h4 d5 17. h5 Bf5 18. cxd5 Nxd5 19. Nge4 Nxc3 20. Qxc3 Rfc8 21. h6 b5 22. hxg7 a5 23. Ng3 Be6 24. Qc2 f5 25. d4 e4 26. Bxb5 Kxg7 27. Qb2 cxd4 28. exd4 Kg6 29. Rg1 Kf7 30. d5 Bxd5 31. Nxf5 Qe5 32. Qxe5 Nxe5 33. Rg7+ Kf6 34. Nxe7 Kxg7 35. Nxd5 Rc5 36. Bc4 Nf3+ 37. Nxf3 exf3 38. Kd2 Rd8 39. Ke3 Rdxd5 40. Bxd5 Rxd5 41. Rb1 Rc5 42. Kxf3 a4 43. bxa4 Rc3+ 44. Kg4 Rc4+ 45. Kf5 Rxa4 46. Rb3 Kf7 47. Ke5 Ke7 48. Kd5 Kd7 49. Kc5 Kc7 50. Rf3 Ra5+ 51. Kb4 Rh5 52. Rf7+ Kb6 53. Rf6+ Kb7 54. a4 Rh1 55. f4 Rb1+ 56. Ka5 Rf1 57. Rf7+ Kc6 58. Ka6 Kd6 59. f5 Ra1 60. a5 Kc6 61. Rb7 Rf1 62. f6 Rf2 63. Ka7 Rf1 64. a6 1-0

[Event "Pavlodar op"]
[Site "Pavlodar"]
[Date "2012.12.01"]
[Round "2"]
[White "Simonian, Hrair"]
[Black "Bulatov, Ramil"]
[Result "1-0"]
[WhiteElo "2459"]
[BlackElo "2208"]
[PlyCount "59"]
[EventDate "2012.11.30"]
[EventType "swiss"]
[EventRounds "10"]
[EventCountry "KAZ"]
[SourceTitle "EXT 2014"]
[Source "ChessBase"]
[SourceDate "2013.11.20"]
[SourceVersion "1"]
[SourceVersionDate "2013.11.20"]
[SourceQuality "1"]

1. e4 c5 2. Nc3 Nc6 3. Bb5 Nd4 4. Bc4 e6 5. Nge2 Nf6 6. 0-0 a6 7. a4 d5 8. exd5 exd5 9. Ba2 Bd6 10. d3 0-0 11. Nxd4 cxd4 12. Ne2 Re8 13. Bf4 Bg4 14. f3 Bh5 15. Bxd6 Qxd6 16. Qd2 b5 17. Bb3 Qe5 18. Rfe1 Bg6 19. axb5 axb5 20. Rxa8 Rxa8 21. Qf4 Qe6 22. Qxd4 Re8 23. Kf1 h6 24. Qb4 Qe5 25. Nf4 Qxb2 26. Rxe8+ Nxe8 27. Nxg6 Qc1+ 28. Qe1 Qxe1+ 29. Kxe1 fxg6 30. Bxd5+ 1-0

[Event "Urals-ch"]
[Site "Satka"]
[Date "2012.03.28"]
[Round "5"]
[White "Bulatov, Ramil"]
[Black "Matsenko, Sergei"]
[Result "1/2-1/2"]
[WhiteElo "2202"]
[BlackElo "2468"]
[PlyCount "69"]
[EventDate "2012.03.24"]
[EventType "swiss"]
[EventRounds "9"]
[EventCountry "RUS"]
[SourceTitle "CBM 147 Extra"]
[Source "ChessBase"]
[SourceDate "2012.04.24"]
[SourceVersion "1"]
[SourceVersionDate "2012.04.24"]
[SourceQuality "1"]

1. d4 d5 2. c4 e6 3. Nc3 Nf6 4. Nf3 Be7 5. Bg5 0-0 6. e3 h6 7. Bh4 Nbd7 8. Rc1 c6 9. Bd3 dxc4 10. Bxc4 b5 11. Bd3 Bb7 12. 0-0 Rc8 13. Qe2 b4 14. Bxf6 Bxf6 15. Ne4 Be7 16. Ba6 Bxa6 17. Qxa6 Qb6 18. Qa4 Qb5 19. Qxa7 Qd5 20. Ned2 Rfd8 21. e4 Qb5 22. Nc4 Ra8 23. Qc7 Rac8 24. Qg3 Ra8 25. Qc7 Rac8 26. Qa5 Ra8 27. Qc7 Rac8 28. Qf4 Nf6 29. Nce5 c5 30. dxc5 Rxc5 31. Rxc5 Bxc5 32. Qc1 Qb6 33. Qf4 Qb5 34. Qc1 Qb6 35. Qf4 1/2-1/2

[Event "Urals-ch"]
[Site "Satka"]
[Date "2012.03.27"]
[Round "4"]
[White "Gusarov, Grigory"]
[Black "Bulatov, Ramil"]
[Result "0-1"]
[WhiteElo "2337"]
[BlackElo "2202"]
[PlyCount "68"]
[EventDate "2012.03.24"]
[EventType "swiss"]
[EventRounds "9"]
[EventCountry "RUS"]
[SourceTitle "CBM 147 Extra"]
[Source "ChessBase"]
[SourceDate "2012.04.24"]
[SourceVersion "1"]
[SourceVersionDate "2012.04.24"]
[SourceQuality "1"]

1. c4 Nf6 2. g3 c6 3. b3 g6 4. Bb2 Bg7 5. Bg2 d5 6. Nf3 0-0 7. 0-0 Nbd7 8. Qc2 Re8 9. d4 Ne4 10. Ne5 Ndf6 11. f3 Ng5 12. Nd2 Bh3 13. Bxh3 Nxh3+ 14. Kg2 Ng5 15. h4 Ne6 16. Rad1 Rc8 17. e4 Qa5 18. Bc3 Qa6 19. a4 Red8 20. f4 dxc4 21. Ndxc4 b5 22. Ne3 bxa4 23. bxa4 c5 24. d5 Nd4 25. Bxd4 cxd4 26. N3c4 Nxd5 27. Qa2 Nc3 28. Qb3 Nxd1 29. Rxd1 e6 30. Nd2 Qe2+ 31. Kh3 Bxe5 32. fxe5 Rc3 33. Qb1 h5 34. Nf1 Rc2 0-1

[Event "UrFO-ch op"]
[Site "Cheliabinsk"]
[Date "2011.03.26"]
[Round "8"]
[White "Bulatov, Ramil"]
[Black "Vaseptsov, Maxim"]
[Result "1/2-1/2"]
[WhiteElo "2137"]
[BlackElo "2164"]
[PlyCount "71"]
[EventDate "2011.03.19"]
[EventType "swiss"]
[EventRounds "9"]
[EventCountry "RUS"]
[SourceTitle "EXT 2012"]
[Source "ChessBase"]
[SourceDate "2011.11.24"]
[SourceVersion "1"]
[SourceVersionDate "2011.11.24"]
[SourceQuality "1"]

1. e4 c5 2. Nf3 Nc6 3. d4 cxd4 4. Nxd4 g6 5. Nc3 Bg7 6. Be3 Nf6 7. Bc4 d6 8. f3 Bd7 9. Bb3 Rc8 10. Qd2 h5 11. 0-0-0 Ne5 12. h3 h4 13. Qe2 Nh5 14. Rhe1 Rxc3 15. bxc3 Ng3 16. Qd2 Qc8 17. Ne2 Nc4 18. Bxc4 Qxc4 19. Qd3 Nxe2+ 20. Rxe2 Qxa2 21. Bd4 Bh6+ 22. Be3 Bg7 23. Bd4 Bh6+ 24. Be3 Bxe3+ 25. Rxe3 0-0 26. f4 a5 27. f5 a4 28. Qd5 Qxd5 29. Rxd5 Bc6 30. Rd4 Kg7 31. Kb2 Kf6 32. fxg6 fxg6 33. Rf3+ Kg7 34. Rxf8 Kxf8 35. Kc1 Kf7 36. Kd2 1/2-1/2